000 00703nam a2200229 i 4500
001 C2-0294891
003 PPAK
005 20180728030535.0
008 090301s1995 my |||| ||||| | may d
040 _aPPAK
_beng
_cPPAK
_erda
082 0 4 _a499.222
_223
090 0 0 _a499.222
_bSUW
_dKIH
100 0 _aSuwadji,
_eauthor
245 1 0 _aMedan makna rasa dalam bahasa Jawa
264 1 _aPusat Pembinaan dan Pengembangan Bahasa Departemen Pendidikan dan Kebudayaan Jakarta :
_bDepartemen Pendidikan dan Kebudayaan ,
_c1995
300 _axii, 202 pages ;
_c21 cm
336 _2rdacontent
_atext
337 _2rdamedia
_aunmediated
338 _2rdacarrier
_avolume
700 _eauthor
942 _ddc
_cB
999 _c99485
_d99485